Élaborer un cours de FLE

Uloženo v:
Podrobná bibliografie
Hlavní autor: Courtillon, Janine
Médium: Kniha
Jazyk:Undetermined
Vydáno: París, Francia Hachette Livre 2003
Témata:
Tagy: Přidat tag
Žádné tagy, Buďte první, kdo vytvoří štítek k tomuto záznamu!

MARC

LEADER 00000nam a2200000Ia 4500
008 170316s9999 xx 000 0 und d
090 |a 415-F C-5e 
100 |a Courtillon, Janine 
245 |a Élaborer un cours de FLE 
260 |a París, Francia 
260 |b Hachette Livre 
260 |c 2003 
300 |a 160 páginas 
650 |a GRAMÁTICA FRANCESA 
650 |a EN IDIOMA FRANCÉS 
650 |a ELABORACIÓN DE UN CURSO 
650 |a ENSEÑANZA 
999 |c 19161  |d 19161 
040 |a cru BVZT 
942 |c 15 D  |h 415-F C-5e  |2 z